Vista normal
Vista MARC
Entrada Personal Name
Número de registros utilizados en: 2
001 - CONTROL NUMBER
- control field: 1582
003 - CONTROL NUMBER IDENTIFIER
- control field: OSt
005 - DATE AND TIME OF LATEST TRANSACTION
- control field: 20110914111706.0
008 - FIXED-LENGTH DATA ELEMENTS
- fixed length control field: 110914|||a|||||| | ||| d
040 ## - CATALOGING SOURCE
- Original cataloging agency: OSt
- Transcribing agency: OSt
100 ## - HEADING--PERSONAL NAME
- Personal name: Suárez, Luis D.
670 ## - SOURCE DATA FOUND
- Source citation: Work cat.: (OSt): Suárez, Luis D., Examen clínico cardiovascular. Síntomas y signos, 1998